[Event "Agzamov Memorial 14th"]
[Site "Tashkent"]
[Date "2021.08.16"]
[Round "1"]
[White "Sargsyan, Shant"]
[Black "Egin, Vladimir"]
[Result "1-0"]
[WhiteElo "2626"]
[BlackElo "2299"]
[PlyCount "53"]
[EventDate "2021.08.16"]
[EventType "swiss"]
[EventRounds "9"]
[EventCountry "UZB"]
[SourceTitle "CBM 203 Extra"]
[Source "ChessBase"]
[SourceDate "2021.09.30"]
[SourceVersion "1"]
[SourceVersionDate "2021.09.30"]
[SourceQuality "1"]

1. d4 d5 2. c4 dxc4 3. e4 Nf6 4. e5 Nd5 5. Bxc4 Nb6 6. Bd3 Nc6 7. Ne2 Bg4 8. f3 Bh5 9. Nbc3 e6 10. Be4 Bg6 11. 0-0 Be7 12. Kh1 Qd7 13. Be3 Rd8 14. Bg1 0-0 15. a3 Bxe4 16. fxe4 Bg5 17. Qc2 Ne7 18. Rad1 Qc6 19. Rf3 Ng6 20. Nc1 Bxc1 21. Qxc1 Rd7 22. b3 Rfd8 23. Rdf1 Nh4 24. Rg3 Ng6 25. h4 Nxh4 26. d5 exd5 27. Rf6 1-0

[Event "Moscow ACF Botvinnik Memorial"]
[Site "Moscow"]
[Date "2018.08.14"]
[Round "7.4"]
[White "Egin, Vladimir"]
[Black "Batyrowa, Merjen"]
[Result "1-0"]
[WhiteElo "2317"]
[BlackElo "1555"]
[PlyCount "85"]
[EventDate "2018.08.10"]
[EventType "team-swiss"]
[EventRounds "7"]
[EventCountry "RUS"]
[SourceTitle "CBM 186 Extra"]
[Source "ChessBase"]
[SourceDate "2018.08.24"]
[SourceVersion "1"]
[SourceVersionDate "2018.08.24"]
[SourceQuality "1"]
[WhiteTeam "Uzbekistan"]
[BlackTeam "Turkmenistan"]
[WhiteTeamCountry "UZB"]
[BlackTeamCountry "TKM"]

1. e4 e6 2. d4 d5 3. Nd2 c5 4. exd5 exd5 5. Ngf3 Nf6 6. Bb5+ Bd7 7. Bxd7+ Nbxd7 8. 0-0 Be7 9. dxc5 Nxc5 10. Re1 0-0 11. Nf1 Qc7 12. Be3 Rfe8 13. c3 Rad8 14. Qc2 a6 15. a4 Nce4 16. Bd4 Bc5 17. Ne3 Bxd4 18. Nxd4 g6 19. Rad1 Nd6 20. f3 Nc4 21. Nf1 Rxe1 22. Rxe1 Re8 23. Rxe8+ Nxe8 24. b3 Nb6 25. Qd2 Qe5 26. Qe3 Qxe3+ 27. Nxe3 Kf8 28. a5 Nd7 29. Nxd5 f5 30. Ne6+ Kg8 31. Kf2 Nd6 32. Ke3 Kf7 33. Ng5+ Kg7 34. b4 h6 35. Ne6+ Kf7 36. Nec7 Ne8 37. Nxe8 Kxe8 38. Kd4 Kf7 39. c4 Ke6 40. Nf4+ Kf6 41. Kd5 g5 42. Nd3 Ke7 43. Nc5 1-0

[Event "Moscow ACF Botvinnik Memorial"]
[Site "Moscow"]
[Date "2018.08.14"]
[Round "7.3"]
[White "Saryev, Azim"]
[Black "Egin, Vladimir"]
[Result "0-1"]
[WhiteElo "1586"]
[BlackElo "2317"]
[PlyCount "60"]
[EventDate "2018.08.10"]
[EventType "team-swiss"]
[EventRounds "7"]
[EventCountry "RUS"]
[SourceTitle "CBM 186 Extra"]
[Source "ChessBase"]
[SourceDate "2018.08.24"]
[SourceVersion "1"]
[SourceVersionDate "2018.08.24"]
[SourceQuality "1"]
[WhiteTeam "Turkmenistan"]
[BlackTeam "Uzbekistan"]
[WhiteTeamCountry "TKM"]
[BlackTeamCountry "UZB"]

1. d4 d5 2. Nf3 Nf6 3. Bf4 c5 4. c3 Qb6 5. Qb3 Nc6 6. e3 c4 7. Qxb6 axb6 8. Na3 Bf5 9. Nh4 Bd7 10. Bc7 e5 11. Nb5 Nb4 12. cxb4 Bxb5 13. f3 Bxb4+ 14. Kf2 exd4 15. exd4 Bd7 16. g4 b5 17. g5 Ng8 18. a3 Be7 19. f4 h6 20. Nf3 b4 21. Bg2 bxa3 22. Rhe1 Rc8 23. Bd6 axb2 24. Rxe7+ Nxe7 25. Re1 Be6 26. g6 Kd7 27. Ba3 Nxg6 28. Bxb2 Nxf4 29. Ne5+ Kc7 30. Rc1 f6 0-1

[Event "Moscow ACF Botvinnik Memorial"]
[Site "Moscow"]
[Date "2018.08.11"]
[Round "3.8"]
[White "Mihailova, Alina"]
[Black "Egin, Vladimir"]
[Result "1/2-1/2"]
[WhiteElo "1829"]
[BlackElo "2317"]
[PlyCount "81"]
[EventDate "2018.08.10"]
[EventType "team-swiss"]
[EventRounds "7"]
[EventCountry "RUS"]
[SourceTitle "CBM 186 Extra"]
[Source "ChessBase"]
[SourceDate "2018.08.24"]
[SourceVersion "1"]
[SourceVersionDate "2018.08.24"]
[SourceQuality "1"]
[WhiteTeam "Moldova"]
[BlackTeam "Uzbekistan"]
[WhiteTeamCountry "MDA"]
[BlackTeamCountry "UZB"]

1. d4 Nf6 2. c4 e5 3. dxe5 Ng4 4. Bf4 Nc6 5. Nf3 Bb4+ 6. Nbd2 Qe7 7. e3 Ngxe5 8. Nxe5 Nxe5 9. Be2 b6 10. 0-0 Bb7 11. Nf3 Nxf3+ 12. Bxf3 Bxf3 13. Qxf3 0-0 14. Rad1 a5 15. Bxc7 d5 16. Bxb6 dxc4 17. a3 Bc5 18. Bxc5 Qxc5 19. Qd5 Qb6 20. Rb1 Rac8 21. Rfc1 Rc5 22. Qe4 Rfc8 23. Rc3 g6 24. h3 a4 25. Qc2 Qb5 26. Rd1 Rb8 27. Rd4 Rbc8 28. Qe2 Kg7 29. Qd2 Rb8 30. Rf4 Rbc8 31. h4 h5 32. Qd4+ Kg8 33. Rc2 R5c7 34. Qf6 Rd7 35. Rd4 Rxd4 36. Qxd4 Qc6 37. Qc3 Qe4 38. g3 Rd8 39. Rd2 Rd3 40. Rxd3 cxd3 41. Qd2 1/2-1/2

[Event "Moscow ACF Botvinnik Memorial"]
[Site "Moscow"]
[Date "2018.08.11"]
[Round "4.1"]
[White "Orozbaev, Eldiar"]
[Black "Egin, Vladimir"]
[Result "0-1"]
[WhiteElo "1785"]
[BlackElo "2317"]
[PlyCount "114"]
[EventDate "2018.08.10"]
[EventType "team-swiss"]
[EventRounds "7"]
[EventCountry "RUS"]
[SourceTitle "CBM 186 Extra"]
[Source "ChessBase"]
[SourceDate "2018.08.24"]
[SourceVersion "1"]
[SourceVersionDate "2018.08.24"]
[SourceQuality "1"]
[WhiteTeam "Kyrgyzstan"]
[BlackTeam "Uzbekistan"]
[WhiteTeamCountry "KGZ"]
[BlackTeamCountry "UZB"]

1. e4 e5 2. Nf3 Nc6 3. Bc4 Bc5 4. c3 Nf6 5. d3 a6 6. 0-0 d6 7. a4 Ba7 8. Be3 0-0 9. Nbd2 d5 10. exd5 Nxd5 11. Re1 Nxe3 12. fxe3 Bf5 13. Nf1 Qd7 14. Ng3 Bg4 15. b4 Rfe8 16. a5 Rad8 17. b5 axb5 18. Bxb5 Qd6 19. a6 bxa6 20. Rxa6 Bb6 21. Qa4 Bd7 22. Ne4 Qg6 23. c4 f5 24. Nc3 Nb8 25. Bxd7 Nxd7 26. Rxb6 Nxb6 27. Qa2 Rxd3 28. c5+ Qf7 29. Qc2 Qc4 30. cxb6 Qxc3 31. Qa4 Rb8 32. b7 Qb3 33. Qc6 Qd5 34. Qxc7 Qxb7 35. Qxe5 Rd5 36. Qe6+ Qf7 37. Qc6 Rbd8 38. Nd4 f4 39. Rf1 R5d6 40. Qe4 Rf6 41. g3 fxe3 42. Re1 Qd5 43. Qxd5+ Rxd5 44. Nc2 Rd2 45. Nxe3 Re6 46. h4 h5 47. Kf1 Kf7 48. Kg1 Kg6 49. Kf1 Rf6+ 50. Kg1 Rff2 51. Nf1 Rde2 52. Rb1 Kf5 53. Rb4 Rb2 54. Ra4 Kg6 55. Ra6+ Rf6 56. Ra5 Rb1 57. Rg5+ Kh6 0-1

[Event "Moscow ACF Botvinnik Memorial"]
[Site "Moscow"]
[Date "2018.08.11"]
[Round "4.3"]
[White "Sakibaev, Nursultan"]
[Black "Egin, Vladimir"]
[Result "1/2-1/2"]
[WhiteElo "1754"]
[BlackElo "2317"]
[PlyCount "69"]
[EventDate "2018.08.10"]
[EventType "team-swiss"]
[EventRounds "7"]
[EventCountry "RUS"]
[SourceTitle "CBM 186 Extra"]
[Source "ChessBase"]
[SourceDate "2018.08.24"]
[SourceVersion "1"]
[SourceVersionDate "2018.08.24"]
[SourceQuality "1"]
[WhiteTeam "Kyrgyzstan"]
[BlackTeam "Uzbekistan"]
[WhiteTeamCountry "KGZ"]
[BlackTeamCountry "UZB"]

1. d4 d5 2. c4 dxc4 3. e4 Nf6 4. e5 Nd5 5. Bxc4 Nb6 6. Bb3 Nc6 7. Ne2 Bf5 8. Nbc3 e6 9. Be3 Qd7 10. a3 0-0-0 11. Bc2 Bxc2 12. Qxc2 f5 13. b4 Ne7 14. Rc1 Ned5 15. Nxd5 Nxd5 16. Nc3 Qc6 17. Nxd5 Qxc2 18. Rxc2 Rxd5 19. Ke2 Be7 20. Rhc1 c6 21. Rc4 Kd7 22. a4 a6 23. Rb1 g5 24. f3 h5 25. Bf2 Ra8 26. Rc2 g4 27. f4 Bd8 28. Rc5 Be7 29. Rc2 h4 30. Rc3 Rg8 31. Rd3 Kc7 32. Rbb3 Ra8 33. Be1 Rad8 34. Bc3 Rg8 35. Be1 1/2-1/2

[Event "Agzamov Memorial 10th"]
[Site "Tashkent"]
[Date "2016.04.24"]
[Round "7"]
[White "Dzhumaev, Marat"]
[Black "Egin, Vladimir"]
[Result "1-0"]
[WhiteElo "2478"]
[BlackElo "2348"]
[PlyCount "69"]
[EventDate "2016.04.18"]
[EventType "swiss"]
[EventRounds "9"]
[EventCountry "UZB"]
[SourceTitle "CBM 172 Extra"]
[Source "ChessBase"]
[SourceDate "2016.06.21"]
[SourceVersion "1"]
[SourceVersionDate "2016.06.21"]
[SourceQuality "1"]

1. d4 d5 2. c4 dxc4 3. Nf3 Nf6 4. e3 e6 5. Bxc4 c5 6. 0-0 a6 7. dxc5 Qxd1 8. Rxd1 Bxc5 9. Be2 b6 10. Nfd2 Bb7 11. Nc3 Nbd7 12. Nc4 Bc6 13. a3 a5 14. b3 0-0 15. Bb2 Rfd8 16. Kf1 Be7 17. Rac1 Rab8 18. Nb1 Bd5 19. Nbd2 Nc5 20. Be5 Rb7 21. Bd4 Nfd7 22. f3 Bf6 23. Bxf6 gxf6 24. b4 axb4 25. axb4 Na4 26. Nd6 Rbb8 27. e4 Ba8 28. N2c4 Kf8 29. Na3 Ne5 30. Rc7 Bc6 31. f4 Rd7 32. Rxd7 Nxd7 33. Rc1 Ba8 34. Bb5 Ke7 35. Bxa4 1-0

[Event "Asia Cup"]
[Site "Abu Dhabi"]
[Date "2016.04.03"]
[Round "7.4"]
[White "Egin, Vladimir"]
[Black "Abdulwahhab, Ahmed Abdulsattar"]
[Result "1-0"]
[WhiteElo "2348"]
[BlackElo "2279"]
[PlyCount "99"]
[EventDate "2016.03.28"]
[EventType "team-swiss"]
[EventRounds "9"]
[EventCountry "UAE"]
[SourceTitle "CBM 171 Extra"]
[Source "ChessBase"]
[SourceDate "2016.04.26"]
[SourceVersion "1"]
[SourceVersionDate "2016.04.26"]
[SourceQuality "1"]
[WhiteTeam "Uzbekistan"]
[BlackTeam "Iraq"]
[WhiteTeamCountry "UZB"]
[BlackTeamCountry "IRQ"]

1. e4 c5 2. Nf3 e6 3. c3 d5 4. exd5 Qxd5 5. d4 Nf6 6. a3 Nc6 7. Be3 cxd4 8. cxd4 Be7 9. Nc3 Qd6 10. Bd3 0-0 11. Qc2 Bd7 12. 0-0 Rac8 13. Rad1 Rfd8 14. Rfe1 h6 15. Qc1 Na5 16. Bxh6 Nd5 17. Bb1 Ba4 18. Rd3 Nxc3 19. Rxc3 Rxc3 20. bxc3 Qxa3 21. Qf4 Qxc3 22. Qg3 Bf6 23. Bd2 Qb2 24. Bxa5 b6 25. Bd2 Bxd4 26. Qh4 Rd5 27. Bh7+ Kf8 28. Be4 Rd6 29. Rb1 g5 30. Bxg5 Bf6 31. h3 Bxg5 32. Qxg5 Qe2 33. Qe5 Rd1+ 34. Rxd1 Qxd1+ 35. Kh2 Qd7 36. Qf6 Qc7+ 37. Ne5 a5 38. h4 Bd1 39. h5 Bxh5 40. Qh8+ Ke7 41. Qxh5 a4 42. Qxf7+ Kd6 43. Qf4 b5 44. g3 Qg7 45. Nc6+ e5 46. Qd2+ Kc5 47. Qb4+ Kb6 48. Ne7 Qh6+ 49. Kg2 Qc1 50. Nd5+ 1-0

[Event "Central Asia Cup 4th"]
[Site "Almaty"]
[Date "2015.11.25"]
[Round "5"]
[White "Egin, Vladimir"]
[Black "Sadykov, Iljas"]
[Result "1-0"]
[WhiteElo "2358"]
[BlackElo "2240"]
[PlyCount "58"]
[EventDate "2015.11.21"]
[EventType "swiss"]
[EventRounds "9"]
[EventCountry "KAZ"]
[SourceTitle "CBM 169 Extra"]
[Source "ChessBase"]
[SourceDate "2015.12.18"]
[SourceVersion "1"]
[SourceVersionDate "2015.12.18"]
[SourceQuality "1"]

1. e4 d5 2. exd5 Nf6 3. Nf3 Bg4 4. Bb5+ Nbd7 5. c4 e6 6. dxe6 fxe6 7. Bxd7+ Nxd7 8. d4 Be7 9. h3 Bh5 10. Qe2 0-0 11. Qxe6+ Kh8 12. Be3 Bf7 13. Qe4 Bxc4 14. Qc2 Be6 15. Nbd2 Nb6 16. 0-0 Nd5 17. a3 a5 18. Ne5 Ra6 19. Rfe1 a4 20. Rac1 Qe8 21. Qd1 Bh4 22. Ndf3 Nxe3 23. Rxe3 Bb3 24. Rxb3 Bxf2+ 25. Kxf2 axb3 26. Rxc7 Qb5 27. Qc1 Qa5 28. Rxb7 Qd5 29. Qc5 Ra5 1-0

[Event "Muhiddinov Memorial"]
[Site "Tashkent"]
[Date "2015.11.18"]
[Round "9"]
[White "Egin, Vladimir"]
[Black "Vul, Arkadi Eremeevich"]
[Result "1/2-1/2"]
[WhiteElo "2358"]
[BlackElo "2251"]
[PlyCount "20"]
[EventDate "2015.11.14"]
[EventType "tourn"]
[EventRounds "9"]
[EventCountry "UZB"]
[SourceTitle "CBM 169 Extra"]
[Source "ChessBase"]
[SourceDate "2015.12.18"]
[SourceVersion "1"]
[SourceVersionDate "2015.12.18"]
[SourceQuality "1"]

1. e4 e5 2. Nf3 Nc6 3. Bc4 Bc5 4. c3 Nf6 5. d3 d6 6. Bb3 h6 7. 0-0 0-0 8. Nbd2 Nh7 9. Nc4 Kh8 10. d4 exd4 1/2-1/2

[Event "Muhiddinov Memorial"]
[Site "Tashkent"]
[Date "2015.11.15"]
[Round "4"]
[White "Baymuratova, Sevara"]
[Black "Egin, Vladimir"]
[Result "1/2-1/2"]
[WhiteElo "2127"]
[BlackElo "2358"]
[PlyCount "30"]
[EventDate "2015.11.14"]
[EventType "tourn"]
[EventRounds "9"]
[EventCountry "UZB"]
[SourceTitle "CBM 169 Extra"]
[Source "ChessBase"]
[SourceDate "2015.12.18"]
[SourceVersion "1"]
[SourceVersionDate "2015.12.18"]
[SourceQuality "1"]

1. d4 d5 2. Nf3 Nf6 3. c4 dxc4 4. e3 e6 5. Bxc4 c5 6. 0-0 a6 7. a4 Nc6 8. Nc3 Be7 9. dxc5 Qxd1 10. Rxd1 Bxc5 11. Bd2 b6 12. Ne2 Bb7 13. Bc3 Ke7 14. Ned4 Nxd4 15. Bxd4 Rac8 1/2-1/2

[Event "Muhiddinov Memorial"]
[Site "Tashkent"]
[Date "2015.11.14"]
[Round "2"]
[White "Tsyhanchuk, Stanislav"]
[Black "Egin, Vladimir"]
[Result "1/2-1/2"]
[WhiteElo "2399"]
[BlackElo "2358"]
[PlyCount "24"]
[EventDate "2015.11.14"]
[EventType "tourn"]
[EventRounds "9"]
[EventCountry "UZB"]
[SourceTitle "CBM 169 Extra"]
[Source "ChessBase"]
[SourceDate "2015.12.18"]
[SourceVersion "1"]
[SourceVersionDate "2015.12.18"]
[SourceQuality "1"]

1. e4 e5 2. Nf3 Nf6 3. Nxe5 d6 4. Nf3 Nxe4 5. Qe2 Qe7 6. d3 Nf6 7. Bg5 Nbd7 8. Nc3 Qxe2+ 9. Bxe2 h6 10. Bd2 Nb6 11. 0-0-0 Bd7 12. Ne4 Be7 1/2-1/2

[Event "Agzamov Memorial 09th"]
[Site "Tashkent"]
[Date "2015.03.17"]
[Round "7"]
[White "Egin, Vladimir"]
[Black "Karimov, Ibragim"]
[Result "0-1"]
[WhiteElo "2371"]
[BlackElo "2245"]
[PlyCount "62"]
[EventDate "2015.03.11"]
[EventType "swiss"]
[EventRounds "9"]
[EventCountry "UZB"]
[SourceTitle "CBM 165 Extra"]
[Source "ChessBase"]
[SourceDate "2015.04.21"]
[SourceVersion "1"]
[SourceVersionDate "2015.04.21"]
[SourceQuality "1"]

1. e4 d6 2. d4 g6 3. Nf3 Bg7 4. Be2 Nd7 5. 0-0 e6 6. Be3 Ne7 7. Qd2 h6 8. c4 f5 9. Nc3 g5 10. d5 e5 11. exf5 Nxf5 12. Bd3 0-0 13. Qe2 Nf6 14. Rad1 a6 15. Qc2 Nh5 16. Be4 g4 17. Nd2 Bd7 18. g3 Qe7 19. Nb3 b6 20. Qe2 Rae8 21. Bb1 Nf4 22. Bxf4 exf4 23. Qxg4 Nd4 24. Qg6 Nf3+ 25. Kh1 Ng5 26. h4 Rf6 27. Qd3 Bf5 28. hxg5 Bxd3 29. gxf6 Qd7 30. Rxd3 Bxf6 31. gxf4 Kh8 0-1

[Event "Agzamov Memorial 09th"]
[Site "Tashkent"]
[Date "2015.03.15"]
[Round "5"]
[White "Egin, Vladimir"]
[Black "Artemiev, Vladislav"]
[Result "0-1"]
[WhiteElo "2371"]
[BlackElo "2664"]
[PlyCount "120"]
[EventDate "2015.03.11"]
[EventType "swiss"]
[EventRounds "9"]
[EventCountry "UZB"]
[SourceTitle "CBM 165 Extra"]
[Source "ChessBase"]
[SourceDate "2015.04.21"]
[SourceVersion "1"]
[SourceVersionDate "2015.04.21"]
[SourceQuality "1"]

1. e4 c5 2. Nf3 d6 3. Bb5+ Nd7 4. 0-0 a6 5. Bd3 Ngf6 6. a4 b6 7. c3 Bb7 8. Qe2 Qc7 9. Na3 e6 10. Bc2 Rc8 11. d3 Be7 12. h3 0-0 13. Bf4 Rfe8 14. Rfe1 Qb8 15. Bh2 Bf8 16. Nc4 b5 17. axb5 axb5 18. Ncd2 Qc7 19. Bb3 Qb6 20. d4 e5 21. dxe5 dxe5 22. Qe3 Qc7 23. c4 b4 24. Ba4 Bd6 25. Nh4 g6 26. Qg5 Kh8 27. Nhf3 Re6 28. Qh4 Kg7 29. Bxd7 Qxd7 30. Nf1 h6 31. N3d2 Be7 32. Qg3 Nh5 33. Qe3 Nf4 34. Nf3 Qd3 35. Qxd3 Nxd3 36. Re2 Ra8 37. Rd1 Nf4 38. Ree1 Bf6 39. Ng3 Ra2 40. Rd2 Rea6 41. Ne2 Ra1 42. Nxf4 exf4 43. Bxf4 Bxe4 44. Kf1 Bxf3 45. gxf3 Rxe1+ 46. Kxe1 Ra2 47. Bd6 Bd4 48. Ke2 b3 49. Kd3 Kf6 50. Ke4 Ke6 51. Bf8 h5 52. f4 f6 53. Re2 Kf7 54. Bd6 Ke6 55. Bf8 Ra8 56. Kf3+ Kf7 57. Bd6 Ra2 58. Rd2 Rxb2 59. Rxb2 Bxb2 60. Bxc5 Bc3 0-1

[Event "Tashkent IM 01"]
[Site "Tashkent"]
[Date "2015.03.06"]
[Round "6"]
[White "Egin, Vladimir"]
[Black "Kurbonboeva, Sarvinoz"]
[Result "1/2-1/2"]
[WhiteElo "2395"]
[BlackElo "2185"]
[PlyCount "30"]
[EventDate "2015.03.04"]
[EventType "tourn"]
[EventRounds "9"]
[EventCountry "UZB"]
[EventCategory "1"]
[SourceTitle "CBM 165 Extra"]
[Source "ChessBase"]
[SourceDate "2015.04.21"]
[SourceVersion "1"]
[SourceVersionDate "2015.04.21"]
[SourceQuality "1"]

1. e4 c5 2. Nf3 Nc6 3. Bb5 g6 4. 0-0 Bg7 5. Re1 Nf6 6. e5 Nd5 7. Nc3 Nc7 8. Bxc6 dxc6 9. Ne4 Ne6 10. d3 0-0 11. Be3 b6 12. Qd2 Re8 13. Bh6 Bh8 14. Neg5 f6 15. Nxe6 Bxe6 1/2-1/2

[Event "Tashkent IM 01"]
[Site "Tashkent"]
[Date "2015.03.04"]
[Round "2"]
[White "Dmitrenko, Viktor"]
[Black "Egin, Vladimir"]
[Result "1/2-1/2"]
[WhiteElo "2344"]
[BlackElo "2395"]
[PlyCount "22"]
[EventDate "2015.03.04"]
[EventType "tourn"]
[EventRounds "9"]
[EventCountry "UZB"]
[EventCategory "1"]
[SourceTitle "CBM 165 Extra"]
[Source "ChessBase"]
[SourceDate "2015.04.21"]
[SourceVersion "1"]
[SourceVersionDate "2015.04.21"]
[SourceQuality "1"]

1. Nf3 d5 2. c4 dxc4 3. e3 Nf6 4. Bxc4 e6 5. 0-0 c5 6. Qe2 Nc6 7. Rd1 Be7 8. d4 cxd4 9. Nc3 0-0 10. exd4 Na5 11. Bd3 b6 1/2-1/2

[Event "Tashkent IM 01"]
[Site "Tashkent"]
[Date "2015.03.04"]
[Round "4"]
[White "Egin, Vladimir"]
[Black "Tokhirjonova, Gulruhbegim"]
[Result "1-0"]
[WhiteElo "2395"]
[BlackElo "2181"]
[PlyCount "143"]
[EventDate "2015.03.04"]
[EventType "tourn"]
[EventRounds "9"]
[EventCountry "UZB"]
[EventCategory "1"]
[SourceTitle "CBM 165 Extra"]
[Source "ChessBase"]
[SourceDate "2015.04.21"]
[SourceVersion "1"]
[SourceVersionDate "2015.04.21"]
[SourceQuality "1"]

1. e4 e5 2. Nf3 Nc6 3. Bc4 Bc5 4. 0-0 Nf6 5. d3 d6 6. c3 0-0 7. Nbd2 Ne7 8. d4 exd4 9. cxd4 Bb6 10. Bd3 Bg4 11. h3 Bh5 12. Re1 Nc6 13. g4 Bg6 14. d5 Ne5 15. Nxe5 dxe5 16. Nc4 Nd7 17. Nxb6 axb6 18. b4 Qh4 19. Kg2 c6 20. dxc6 bxc6 21. Bb2 Rfd8 22. Qb3 h5 23. f3 Qe7 24. Red1 Kh7 25. a4 Nf8 26. Bc4 f6 27. b5 c5 28. Bd5 Rab8 29. Bc1 Ne6 30. Be3 Nd4 31. Qc4 Be8 32. Rdb1 Qc7 33. Rb2 Rd7 34. Rc1 Bf7 35. Bxf7 Rxf7 36. a5 bxa5 37. Qxc5 Qxc5 38. Rxc5 hxg4 39. hxg4 Rfb7 40. Bxd4 exd4 41. Rd5 Kg6 42. Kf2 Rh8 43. Kg3 Rhb8 44. Kf4 Rb6 45. g5 R8b7 46. Kg4 d3 47. gxf6 gxf6 48. Rxd3 Rxb5 49. Rxb5 Rxb5 50. Rd6 Kf7 51. Ra6 Rc5 52. f4 Rb5 53. f5 Rb4 54. Ra7+ Kf8 55. Kh5 a4 56. Kg6 Rxe4 57. Kxf6 Kg8 58. Ra8+ Kh7 59. Kf7 Rf4 60. f6 Re4 61. Kf8 Rf4 62. f7 Kg6 63. Ra6+ Kh7 64. Re6 a3 65. Re2 Ra4 66. Rh2+ Kg6 67. Kg8 a2 68. f8Q a1Q 69. Qf7+ Kg5 70. Rh5+ Kg4 71. Qf5+ Kg3 72. Rh3+ 1-0

[Event "Central Asia Cup 3rd"]
[Site "Dushanbe"]
[Date "2013.10.20"]
[Round "9"]
[White "Egin, Vladimir"]
[Black "Kotsur, Pavel"]
[Result "0-1"]
[WhiteElo "2403"]
[BlackElo "2559"]
[PlyCount "60"]
[EventDate "2013.10.12"]
[EventType "swiss"]
[EventRounds "9"]
[EventCountry "TJK"]
[SourceTitle "EXT 2014"]
[Source "ChessBase"]
[SourceDate "2013.11.20"]
[SourceVersion "1"]
[SourceVersionDate "2013.11.20"]
[SourceQuality "1"]

1. e4 c5 2. Nf3 Nc6 3. Bb5 e6 4. 0-0 Nge7 5. Re1 Nd4 6. Bf1 Nec6 7. c3 Nxf3+ 8. Qxf3 g6 9. Na3 Bg7 10. d3 0-0 11. Nc4 d5 12. exd5 exd5 13. Nd2 Be6 14. Nb3 b6 15. Bf4 Qd7 16. h3 a5 17. a4 d4 18. c4 Nb4 19. Re2 Bf5 20. Nc1 Rae8 21. b3 Rxe2 22. Qxe2 Re8 23. Qf3 h5 24. Na2 Nxa2 25. Rxa2 Re1 26. Rb2 Ra1 27. Qe2 Qe6 28. Qd2 g5 29. Bxg5 Qg6 30. Rc2 Rxf1+ 0-1

[Event "Agzamov Memorial 07th"]
[Site "Tashkent"]
[Date "2013.04.22"]
[Round "9"]
[White "Egin, Vladimir"]
[Black "Barsov, Alexei"]
[Result "1/2-1/2"]
[WhiteElo "2416"]
[BlackElo "2533"]
[PlyCount "25"]
[EventDate "2013.04.14"]
[EventType "swiss"]
[EventRounds "9"]
[EventCountry "UZB"]
[SourceTitle "CBM 154 Extra"]
[Source "ChessBase"]
[SourceDate "2013.06.25"]
[SourceVersion "2"]
[SourceVersionDate "2013.06.25"]
[SourceQuality "1"]

1. e4 e6 2. d4 d5 3. Nd2 c5 4. exd5 exd5 5. Ngf3 Nc6 6. Bb5 Bd6 7. dxc5 Bxc5 8. 0-0 Nge7 9. Nb3 Bb6 10. Re1 0-0 11. Be3 Bg4 12. Bxb6 Qxb6 13. Be2 1/2-1/2

[Event "Central Asia Cup 2nd"]
[Site "Bishkek"]
[Date "2012.06.15"]
[Round "4"]
[White "Egin, Vladimir"]
[Black "Davletbakov, Saddam"]
[Result "1-0"]
[WhiteElo "2418"]
[BlackElo "2204"]
[PlyCount "75"]
[EventDate "2012.06.12"]
[EventType "swiss"]
[EventRounds "9"]
[EventCountry "KGZ"]
[SourceTitle "EXT 2013"]
[Source "ChessBase"]
[SourceDate "2012.11.22"]
[SourceVersion "1"]
[SourceVersionDate "2012.11.22"]
[SourceQuality "1"]

1. e4 e6 2. d4 d5 3. Nd2 Nf6 4. e5 Nfd7 5. Bd3 c5 6. c3 Nc6 7. Ne2 Qb6 8. Nf3 cxd4 9. cxd4 f6 10. exf6 Nxf6 11. 0-0 Bd6 12. b3 0-0 13. Bb2 Bd7 14. Ng3 Nb4 15. Re1 Nxd3 16. Qxd3 Bf4 17. a4 Rac8 18. Ba3 Rf7 19. Ra2 Qc7 20. Ne2 Ne4 21. Nxf4 Rxf4 22. Ne5 Nf6 23. f3 Qc3 24. Rd2 Qxd3 25. Rxd3 b5 26. g3 Rf5 27. g4 Rxe5 28. dxe5 Ne8 29. Rc1 Rb8 30. a5 b4 31. Bb2 Rb7 32. a6 Rb6 33. Rd4 Bc6 34. f4 g6 35. Rc2 Kf7 36. Bc1 Rxa6 37. Rxb4 Nc7 38. Rb7 1-0

[Event "Agzamov Memorial 06th"]
[Site "Tashkent"]
[Date "2012.03.12"]
[Round "7"]
[White "Egin, Vladimir"]
[Black "Akhmetov, Ayan"]
[Result "1-0"]
[WhiteElo "2412"]
[BlackElo "2211"]
[PlyCount "93"]
[EventDate "2012.03.06"]
[EventType "swiss"]
[EventRounds "9"]
[EventCountry "UZB"]
[SourceTitle "CBM 147 Extra"]
[Source "ChessBase"]
[SourceDate "2012.04.24"]
[SourceVersion "1"]
[SourceVersionDate "2012.04.24"]
[SourceQuality "1"]

1. e4 e6 2. d4 d5 3. Nd2 Nf6 4. Bd3 c5 5. e5 Nfd7 6. c3 Nc6 7. Ne2 cxd4 8. cxd4 f6 9. exf6 Nxf6 10. 0-0 Bd6 11. Nf3 Qc7 12. Bd2 0-0 13. Rc1 a6 14. Ng3 g6 15. Bc3 Ng4 16. Rc2 Bd7 17. Re1 Qb6 18. Rce2 Rae8 19. Bc2 Rf6 20. h3 Nxf2 21. Kxf2 Ref8 22. Nf1 e5 23. Bb3 exd4 24. Bd2 d3+ 25. Re3 Qd4 26. Kg1 Rxf3 27. gxf3 Rf5 28. Kh1 Qh4 29. f4 Kf8 30. Qg4 Qf6 31. Ng3 h5 32. Qf3 Rxf4 33. Qxd5 Ne7 34. Rxe7 Bc6 35. Qxc6 bxc6 36. Rf7+ Qxf7 37. Bxf7 Rxf7 38. Kg2 Kg7 39. Re6 Bc5 40. Ne4 Bd4 41. Rxc6 Re7 42. Nc3 Rf7 43. Nd1 Re7 44. Bc3 Re2+ 45. Kf3 Bxc3 46. Nxc3 Rxb2 47. Rxa6 1-0